Top 10 Most Populous Oceanic Countries - Statistics

General Stats
  • This quiz has been taken 21 times
  • The average score is 8 of 10
Answer Stats
Population Country % Correct
27 M Australia
95%
5,6 M New Zealand
90%
1,2 M Fiji
85%
9,8 M Papua New Guinea
85%
105 K Tonga
80%
330 K Vanuatu
75%
221 K Samoa
70%
1,1 M Solomon Islands
65%
560 K Federated States of Micronesia
60%
130 K Kiribati
60%
No matching quizzes found
Score Distribution
Percent of People with Each Score
Percentile by Number Answered
Your Score History
You have not taken this quiz